000 00763nam a22002297a 4500
005 20170124110038.0
010 _a919783
020 _c00.00
_a0710082096
035 _a919783
037 _bCen Lib/Ret
040 _aDPL
_bEN
082 _a883.03
_bCOL
100 _aColmer, John
_923194
245 _aE.M. Forste :
_cby John Colmer
_bthe personal voice /
260 _aLondon
_bRoutledge and Kegan Paul
_c1975
270 _bLondon
_aBroadway House, 68-74 Carter Lane
300 _axii,243p.
_c20cm(Hb)
500 _aIncludes bibliographical references and index
650 _aForster, E. M. -- (Edward Morgan), -- 1879-1970
_923195
650 _aForster, E. M. -- (Edward Morgan), -- 1879-1970
_923196
942 _2ddc
_cEN
_h883.03
_mCOL
999 _c128371
_d128371